Tratado de derecho administrativo
Gardado en:
| Autor Principal: | |
|---|---|
| Formato: | Libro |
| Idioma: | Lingua castelá |
| Publicado: |
Santiago
Legal Publishing Chile
2010
|
| Edición: | 1a. ed |
| Subjects: | |
| Tags: |
Engadir etiqueta
Sen Etiquetas, Sexa o primeiro en etiquetar este rexistro!
|
MARC
| LEADER | 00000nam a2200000 a 4500 | ||
|---|---|---|---|
| 001 | UCG4999 | ||
| 003 | CL-VaPUC | ||
| 008 | 101216e20101000CL |||||||||||||||||spa|d | ||
| 020 | |a 9789562389211o.c | ||
| 020 | |a 9789562389297t.1 | ||
| 020 | |a 9789562389525t.3 | ||
| 020 | |a 9789562389303t.4 | ||
| 020 | |a 9789562389228t.7 | ||
| 082 | 0 | 4 | |a 342.8306 |b PAN |2 21 |
| 100 | |a Pantoja Bauzá, Rolando |e autor |9 568200 | ||
| 245 | 1 | 0 | |a Tratado de derecho administrativo |
| 250 | |a 1a. ed | ||
| 300 | |a t | ||
| 942 | |c BK | ||
| 945 | |d 20101216 00:00:00 |a dcastane | ||
| 260 | |a Santiago |b Legal Publishing Chile |c 2010 | ||
| 500 | |a t.1: Derecho y administración del Estado. Rolando Pantoja Bauzá | ||
| 500 | |a t.3: Derecho y administración comunal | ||
| 500 | |a t.4: La actividad sustancial de la administración del Estado. Gladys Camacho Cépeda | ||
| 500 | |a t.7: La actividad formal de la administración el Estado. Claudio Moraga Klenner | ||
| 650 | 0 | |a Derecho administrativo chileno |9 461009 | |
| 650 | 0 | |a Administración del Estado |9 391238 | |
| 650 | 7 | |a POTESTAD REGLAMENTARIA |2 CL-VaPUC |9 384507 | |
| 650 | 7 | |a EXPROPIACION |2 CL-VaPUC |9 360440 | |
| 650 | 0 | |a Actos administrativos |9 256128 | |
| 583 | |a last modification |c 20101216 00:00:00 |k Rodrigo Vera | ||
| 999 | |c 343575 |d 343573 | ||
| 952 | |0 0 |1 0 |4 0 |6 342_830600000000000_PAN_2010 |7 0 |8 A |9 440979 |a BIBDER |b BIBDER |d 2019-11-22 |h t.1 |i 4743903 |l 1 |o 342.8306 PAN 2010 |p 4743903 |r 2024-06-19 |s 2024-05-24 |w 2019-11-22 |y BK |k DER | ||
| 952 | |0 0 |1 0 |4 0 |6 342_830600000000000_PAN_2010 |7 0 |8 A |9 440980 |a BIBDER |b BIBDER |d 2019-11-22 |h t.4 |i 4743911 |o 342.8306 PAN 2010 |p 4743911 |r 2023-01-25 |w 2019-11-22 |y BK |k DER | ||
| 952 | |0 0 |1 0 |4 0 |6 342_830600000000000_PAN_2010 |7 0 |8 A |9 440981 |a BIBDER |b BIBDER |d 2019-11-22 |h t.7 |i 474392K |l 2 |o 342.8306 PAN 2010 |p 474392K |r 2023-06-29 |s 2023-06-29 |w 2019-11-22 |y BK |k DER | ||
| 952 | |0 0 |1 0 |4 0 |6 342_830600000000000_PAN_2010 |7 0 |8 A |9 440982 |a BIBDER |b BIBDER |d 2019-11-22 |h t.3 |i 4760565 |o 342.8306 PAN 2010 |p 4760565 |r 2023-01-25 |w 2019-11-22 |y BK |k DER | ||
| 952 | |0 0 |1 0 |4 0 |6 342_830600000000000_PAN_2010 |7 0 |8 A |9 440983 |a BIBDER |b BIBDER |d 2019-11-22 |h t.1 |i 4767969 |o 342.8306 PAN 2010 |p 4767969 |r 2019-11-22 |w 2019-11-22 |y BK |k DER | ||
| 952 | |0 0 |1 0 |4 0 |6 342_830600000000000_PAN_2010 |7 0 |8 A |9 440984 |a BIBDER |b BIBDER |d 2019-11-22 |h t.1 |i 4767977 |o 342.8306 PAN 2010 |p 4767977 |r 2023-01-25 |w 2019-11-22 |y BK |k DER | ||
| 952 | |0 0 |1 0 |4 0 |6 342_830600000000000_PAN_2010 |7 0 |8 A |9 440985 |a BIBDER |b BIBDER |d 2019-11-22 |h t.3 |i 4767985 |o 342.8306 PAN 2010 |p 4767985 |r 2019-11-22 |w 2019-11-22 |y BK |k DER | ||
| 952 | |0 0 |1 0 |4 0 |6 342_830600000000000_PAN_2010 |7 0 |8 A |9 440986 |a BIBDER |b BIBDER |d 2019-11-22 |h t.3 |i 4767993 |o 342.8306 PAN 2010 |p 4767993 |r 2023-01-25 |w 2019-11-22 |y BK |k DER | ||
| 952 | |0 0 |1 0 |4 0 |6 342_830600000000000_PAN_2010 |7 0 |8 A |9 440987 |a BIBDER |b BIBDER |d 2019-11-22 |h t.4 |i 4768000 |o 342.8306 PAN 2010 |p 4768000 |r 2019-11-22 |w 2019-11-22 |y BK |k DER | ||
| 952 | |0 0 |1 0 |4 0 |6 342_830600000000000_PAN_2010 |7 0 |8 A |9 440988 |a BIBDER |b BIBDER |d 2019-11-22 |h t.4 |i 4768019 |o 342.8306 PAN 2010 |p 4768019 |r 2019-11-22 |w 2019-11-22 |y BK |k DER | ||
| 952 | |0 0 |1 0 |4 0 |6 342_830600000000000_PAN_2010 |7 0 |8 A |9 440989 |a BIBDER |b BIBDER |d 2019-11-22 |h t.7 |i 4768027 |o 342.8306 PAN 2010 |p 4768027 |r 2023-01-25 |w 2019-11-22 |y BK |k DER | ||
| 952 | |0 0 |1 0 |4 0 |6 342_830600000000000_PAN_2010 |7 0 |8 A |9 440990 |a BIBDER |b BIBDER |d 2019-11-22 |h t.7 |i 4768035 |o 342.8306 PAN 2010 |p 4768035 |r 2019-11-22 |w 2019-11-22 |y BK |k DER | ||